Nová odborová politika

Saved in:
Bibliographic Details
Format: Book
Language:Czech
Published: Praha Práce 1948
Tags: Add Tag
No Tags, Be the first to tag this record!

MARC

LEADER 00000nam a2200000 4500
001 0269021
005 20240822101714.0
041 0 |a cze 
044 |a -CS 
245 1 0 |a Nová odborová politika  |c Antonín Zápotocký 
264 1 |a Praha  |b Práce  |c 1948